Biggest Cities Starting with E by Country - Statistics

General Stats
  • This quiz has been taken 172 times
    112 since last reset
  • The average score is 13 of 108
Answers on the Map
Answers color-coded by a green-red scale on the quiz's map according to % correct below.
 
Answer Stats
Country City Population % Correct
Canada Edmonton 1,062,643
97%
United States El Paso 681,728
91%
United Kingdom Edinburgh 504,020
89%
Germany Essen 582,760
77%
Finland Espoo 289,731
62%
Iraq Erbil 879,071
61%
Netherlands Eindhoven 298,795
60%
Mexico Ecatepec de Morelos 1,837,700
42%
Bolivia El Alto 846,880
34%
Spain Elche 234,765
33%
Nigeria Enugu 407,756
32%
Denmark Esbjerg 72,037
31%
Luxembourg Esch-sur-Alzette 36,218
29%
Israel Eilat 52,299
28%
Albania Elbasan 78,703
27%
Hungary Érd 68,211
27%
Paraguay Ciudad del Este 304,300
26%
Ethiopia Este 21,800
25%
China Ezhou 1,048,668
24%
Uganda Entebbe 102,600
23%
Poland Elbląg 119,317
22%
Turkey Eskisehir 410,543
22%
Kenya Eldoret 475,716
20%
Sudan El-Obeid 345,126
20%
Russia Engels 227,049
20%
India Erode 521,891
20%
Andorra Escaldes-Endorgany 14,599
18%
Mongolia Erdenet 99,490
17%
Ecuador Esmeraldas 154,035
17%
Portugal Évora 41,898
14%
Sweden Eskilstuna 106,859
13%
Venezuela El Tigre 215,800
12%
Switzerland Emmen 31,043
11%
South Africa Evaton 605,504
11%
Cuba El Salvador 45,662
10%
France Évry-Courcouronnes 67,967
10%
Austria Eisenstadt 14,816
8%
Morocco El Jadida 194,934
8%
Algeria El Oued 186,525
8%
Honduras El Progreso 119,260
7%
Zimbabwe Epworth 167,462
7%
Italy Ercolano 52,273
7%
Guatemala Escuintla 156,313
7%
Ireland Ennis 20,475
6%
Colombia Envigado 234,100
6%
Liechtenstein Eschen 4,466
6%
Nicaragua Estelí 108,138
6%
Indonesia Ende 93,894
5%
Iran Eslamshahr 448,129
5%
Gambia Ebo Town 22,789
4%
Egypt Edfu 70,657
4%
Kazakhstan Ekibastuz 143,203
4%
Argentina Eldorado 65,500
4%
Brazil Embu das Artes 276,540
4%
Cape Verde Espargos 17,081
4%
Taiwan Erlin 50,075
3%
Equatorial Guinea Ebebiyín 19,515
2%
Japan Ebina 126,035
2%
Australia Echuca 18,523
2%
Cameroon Édéa 66,581
2%
Lithuania Elektrėnai 11,585
2%
Dominican Republic El Seibo 26,477
2%
Estonia Elva 5,698
2%
Sri Lanka Embilipitiya 36,712
2%
Ukraine Enerhodar 53,343
2%
Antigua and Barbuda English Harbour 778
2%
Bulgaria Etropole 10,750
2%
Marshall Islands Ebon 706
1%
Moldova Edinet 13,943
1%
Namibia Eenhana 5,528
1%
Norway Eidsvoll 25,436
1%
Benin Ekpé 75,313
1%
Greece Eleusis 24,910
1%
Chile El Quisco 32,891
1%
Philippines Escalante 94,070
1%
Costa Rica Esparza 28,600
1%
South Korea Eumseong 97,211
1%
Nauru Ewa 446
1%
Jamaica Ewarton 9,753
1%
Republic of the Congo Ewo 8,142
1%
Maldives Eydhafushi 2,658
1%
Somalia Eyl 21,700
1%
Vietnam Ea Drang 19,813
0%
Jordan Ebbien 13,824
0%
Ivory Coast Ebilassokro 14,295
0%
Guyana Eccles 7,064
0%
Eritrea Edd 12,855
0%
Romania Eforie 9,473
0%
Myanmar Einme 13,554
0%
Ghana Ejura 29,478
0%
Angola Ekunha 13,997
0%
Libya El Aghelia 26,813
0%
Togo Elavagnon 6,680
0%
El Salvador El Congo 14,594
0%
Mauritania El Ghaire 5,858
0%
Tunisia El Mourouj 104,586
0%
Peru El Pedregal 51,900
0%
Uruguay El Pinar 21,091
0%
Panama El Roble 8,369
0%
New Zealand Eltham 2,235
0%
Guinea-Bissau Empada 2,365
0%
Cyprus Engomi 18,010
0%
Haiti Ennery 46,581
0%
East Timor Ermera 8,045
0%
Turkmenistan Esenguly 5,823
0%
F. S. Micronesia Etal 672
0%
Belgium Etterbeek 48,473
0%
Iceland Eyrarbakki 553
0%
No matching quizzes found
Score Distribution
Percent of People with Each Score
Percentile by Number Answered
Your Score History
You have not taken this quiz since the last reset